header

Enhancing human performance (Record no. 171995)

MARC details
000 -LEADER
fixed length control field 01191nam a2200289Ia 4500
245 00 - TITLE STATEMENT
Title Enhancing human performance
260 ## - PUBLICATION, DISTRIBUTION, ETC. (IMPRINT)
Place of publication Washington, D.C. :
Name of publisher National Academy Press,
Year of publication 1988.
300 ## - PHYSICAL DESCRIPTION
Number of Pages xi, 299 p.
650 #0 - SUBJECT ADDED ENTRY--TOPICAL TERM
Topical Term Performance
Topical Term Personnel management.
700 1# - ADDED ENTRY--PERSONAL NAME
Personal name Druckman, Daniel,
Personal name Swets, John A.,
856 40 - ELECTRONIC LOCATION AND ACCESS
Uniform Resource Identifier http://site.ebrary.com/lib/rucke/Doc?id=10056832

No items available.

© 2026 Rongo University
Contact us: librarian | system librarian | Rongo university